000 01980cam a2200325 i 4500
999 _c56784
_d56784
001 002764619
003 GE_BSU
005 20190422191725.0
008 051031s2007 ru r 000 u rus
020 _a5891239418 (в пер.)
040 _aRuMoRKP
_brus
_ercr
_dRuMoRGB
_c
041 0 _arus
080 _a340(075.8)
084 _aХ2(0)я73-1
_2rubbk
100 1 _aГрафский, Владимир Георгиевич
_9344
245 0 0 _aВсеобщая история права и государства /
_bучеб. для вузов : учеб. для студентов вузов, обучающихся по специальности "Юриспруденция"
_cВ. Г. Графский ; Ин-т государства и права, Рос. акад. наук
250 _a2-е изд., перераб. и доп.
260 _aМ.
_bНорма,
_c2007.
_eН.Новгород
_fФГУИПП Нижполиграф
300 _a737 с.
_c22 см.
500 _aУказ.
504 _aБиблиогр. в конце тем
520 _aДля студентов, аспирантов и преподавателей юридических факультетов, а также читателей, интересующихся прошлой и современной историей права разных народов и стран.
650 7 _aГосударство и право. Юридические науки -- Всеобщая история государства и права -- Учебник для высшей школы
_2rubbk
_9345
653 _aსამართალი
653 _aსამართლის ზოგადი ისტორია
653 _aიურიდიული მეცნიერებები
852 _a2005169490
_bFB
_cBOOK
_d90
_e20051126
_f20161203
_gGNP06
_j1 05-28/99
852 _a2005169507
_bFB
_cBOOK
_d90
_e20051126
_f20151116
_gGNP06
_j1 05-28/100
942 _2udc
_cBK